Sahara Desert Country Click Quiz Stats

 Plays Quiz Updated Mar 8, 2018

Also try: Desert Countries
Challenge
Share
Tweet
Embed
Score 0/10 Timer 01:30
0 Plays Today
% Correct
Algeria
89.6%
Egypt
88.4%
Libya
88.2%
Morocco
87%
Chad
84.8%
Mali
80.6%
Sudan
76.6%
Niger
76%
Mauritania
72.6%
Tunisia
65.4%

You're not logged in!

Compare scores with friends on all Sporcle quizzes.
OR
Log In

You Might Also Like...

Show Comments

Extras

Top Quizzes Today


Score Distribution

Your Account Isn't Verified!

In order to create a playlist on Sporcle, you need to verify the email address you used during registration. Go to your Sporcle Settings to finish the process.

Report this User

Report this user for behavior that violates our Community Guidelines.

Details: